| 000 | 00405nam a22001577a 4500 | ||
|---|---|---|---|
| 020 | _a9788120345249 | ||
| 040 | _cNust | ||
| 082 |
_a620.3 _bDUR |
||
| 100 |
_aDukkipati,. V Rao _9124299 |
||
| 110 |
_aSrinivas,.J _9124300 |
||
| 245 | _aMechanical Vibrations | ||
| 250 | _a2nd Edition | ||
| 260 |
_aNew Delhi: _bPHI Learning Pvt Ltd, _c2012. |
||
| 650 |
_aMechanical Vibrations _957592 |
||
| 942 |
_2ddc _cBK |
||
| 999 |
_c610201 _d610201 |
||